UK Number 1 Artists of the 2000's - Statistics

General Stats
  • This quiz has been taken 251 times
  • The average score is 158 of 274
Answer Stats
Hint Answer % Correct
2006 Smack That Akon featuring Eminem
95%
2000 Born to Make You Happy Britney Spears
95%
2000 Oops!...I Did It Again Britney Spears
95%
2004 Toxic Britney Spears
95%
2004 Everytime Britney Spears
95%
2000 The Real Slim Shady Eminem
95%
2002 Without Me Eminem
95%
2002 Lose Yourself Eminem
95%
2004 Just Lose It Eminem
95%
2005 Like Toy Soldiers Eminem
95%
2000 Stan Eminem featuring Dido
95%
2009 Run This Town Jay-Z featuring Rihanna and Kanye West
95%
2007 Beautiful Liar Beyonce & Shakira
92%
2008 If I Were a Boy Beyonce
90%
2003 Crazy in Love Beyonce featuring Jay-Z
90%
2006 Deja Vu Beyonce featuring Jay-Z
90%
2008 4 Minutes Madonna featuring Justin Timberlake & Timbaland
90%
2009 Poker Face Lady Gaga
89%
2009 Bad Romance Lady Gaga
89%
2009 Just Dance Lady Gaga featuring Colby O'Donis
89%
2007 Umbrella Rihanna featuring Jay-Z
89%
2001 Lady Marmalade Christina Aguilera, Lil' Kim, Mya & Pink
88%
2008 American Boy Estelle featuring Kanye West
88%
2000 Against All Odds Mariah Carey featuring Westlife
87%
2007 Stronger Kanye West
86%
2000 Rock DJ Robbie Williams
86%
2001 Eternity Robbie Williams
86%
2004 Radio Robbie Williams
86%
2001 Somethin' Stupid Robbie Williams & Nicole Kidman
86%
2000 American Pie Madonna
85%
2000 Music Madonna
85%
2005 Hung Up Madonna
85%
2006 Sorry Madonna
85%
2006 Hips Don't Lie Shakira featuring Wyclef Jean
85%
2003 Where is the Love? Black Eyed Peas
84%
2009 Boom Boom Pow Black Eyed Peas
84%
2009 I Gotta Feeling Black Eyed Peas
84%
2009 Meet Me Halfway Black Eyed Peas
84%
2000 Spinning Around Kylie Minogue
84%
2001 Can't Get You Out of My Head Kylie Minogue
84%
2003 Slow Kylie Minogue
84%
2007 Give It To Me Timbaland featuring Nelly Furtado & Justin Timberlake
84%
2000 We Will Rock You Five & Queen
83%
2008 I Kissed a Girl Katy Perry
83%
2002 Just Like a Pill Pink
83%
2008 So What Pink
83%
2008 Viva la Vida Coldplay
82%
2008 Take a Bow Rihanna
82%
2002 A Little Less Conversation Elivs Presley vs JXL
80%
2005 Jailhouse Rock Elvis Presley
79%
2005 One Night Elvis Presley
79%
2005 Its Now or Never Elvis Presley
79%
2006 SexyBack Justin Timberlake
78%
2006 A Moment Like This Leona Lewis
78%
2007 Bleeding Love Leona Lewis
78%
2008 Run Leona Lewis
78%
2007 Walk This Way Sugababes vs Girls Aloud
77%
2000 Independent Women Part 1 Destiny's Child
76%
2001 Survivor Destiny's Child
76%
2005 Stickwitu Pussycat Dolls
76%
2005 Don't Cha Pussycat Dolls featuring Busta Rhymes
76%
2000 I Have a Dream Westlife
76%
2000 Fool Again Westlife
76%
2000 My Love Westlife
76%
2001 Uptown Girl Westlife
76%
2001 Queen of My Heart Westlife
76%
2002 World of Our Own Westlife
76%
2002 Unbreakable Westlife
76%
2003 Mandy Westlife
76%
2005 You Raise Me Up Westlife
76%
2006 The Rose Westlife
76%
2001 Angel Shaggy featuring Ray'von
74%
2001 It Wasn't Me Shaggy featuring Rikrok
74%
2006 Patience Take That
73%
2007 Shine Take That
73%
2008 Greatest Day Take That
73%
2003 Beautiful Christina Aguilera
72%
2002 Dirrty Christina Aguilera featuring Redman
72%
2002 Sound of the Underground Girls Aloud
71%
2004 I'll Stand By You Girls Aloud
71%
2008 The Promise Girls Aloud
71%
2008 Sex on Fire Kings of Leon
71%
2000 Can We Fix It? Bob the Builder
69%
2001 Mambo No. 5 Bob the Builder
69%
2006 Nasty Girl The Notorious B.I.G. featuring P Diddy, Nelly, Jagged Edge and Avery Storm
69%
2002 Dilemma Nelly featuring Kelly Rowland
68%
2005 Over and Over Nelly featuring Tim McGraw
68%
2004 Yeah! Usher featuring Ludacris and Lil Jon
68%
2009 Bad Boys Alexandra Burke featuring Flo Rida
67%
2005 You're Beautiful James Blunt
67%
2004 My Place Nelly
67%
2002 Freak Like Me Sugababes
67%
2002 Round Round Sugababes
67%
2003 Hole in the Head Sugababes
67%
2005 Push the Button Sugababes
67%
2007 About You Now Sugababes
67%
2004 Burn Usher
67%
2000 Pure Shores All Saints
66%
2000 Black Coffee All Saints
66%
2004 Five Colours in Her Hair McFly
66%
2004 Obviously McFly
66%
2005 All About You McFly
66%
2005 I'll Be Ok McFly
66%
2006 Don't Stop Me Now McFly
66%
2006 Star Girl McFly
66%
2007 Baby's Coming Back McFly
66%
2000 Never Had a Dream Come True S Club 7
66%
2001 Don't Stop Movin' S Club 7
66%
2001 Have You Ever S Club 7
66%
2001 Whole Again Atomic Kitten
65%
2001 Eternal Flame Atomic Kitten
65%
2002 The Tide is High (Get the Feeling) Atomic Kitten
65%
2007 Grace Kelly Mika
65%
2007 I'm Gonna Be (500 Miles) The Proclaimers featuring Brian Potter and Andy Pipkin
65%
2002 Sorry Seems to be the Hardest Word Blue featuring Elton John
64%
2000 Fill Me In Craig David
64%
2000 7 Days Craig David
64%
2004 Take Me to the Clouds Above LMC vs U2
64%
2006 Maneater Nelly Furtado
64%
2000 Life is a Rollercoaster Ronan Keating
64%
2002 If Tomorrow Never Comes Ronan Keating
64%
2000 Beautiful South U2
64%
2004 Vertigo U2
64%
2005 Sometimes You Can't Make it on Your Own U2
64%
2002 The Long and Winding Road Will Young & Gareth Gates
64%
2005 I Bet You Look Good on the Dancefloor Arctic Monkeys
63%
2006 When the Sun Goes Down Arctic Monkeys
63%
2007 Ruby Kaiser Chiefs
63%
2000 Go Let it Out Oasis
63%
2002 The Hindu Times Oasis
63%
2005 Lyla Oasis
63%
2005 The Importance of Being Idle Oasis
63%
2002 Evergreen Will Young
62%
2002 Light My Fire Will Young
62%
2003 Leave Right Now Will Young
62%
2006 It's Chico Time Chico
61%
2008 Mercy Duffy
61%
2003 You Said No Busted
60%
2003 Crashed the Wedding Busted
60%
2004 Who's David? Busted
60%
2004 Thunderbirds Busted
60%
2009 Holiday Dizzee Rascal featuring Calvin Harris
60%
2008 Dance Wiv Me Dizzee Rascal featuring Calvin Harris & Chrome
60%
2002 Unchained Melody Gareth Gates
60%
2002 Anyone of Us (Stupid Mistake) Gareth Gates
60%
2003 Spirit in the Sky Gareth Gates and The Kumars
60%
2004 Mysterious Girl Peter Andre featuring Bubbler Ranx
60%
2006 I Don't Feel Like Dancin' Scissor Sisters
60%
2005 Is This the Way to Amarillo Tony Christie featuring Peter Kay
60%
2003 Are You Ready For Love? Elton John
59%
2000 Bag it Up Geri Halliwell
59%
2001 It's Raining Men Geri Halliwell
59%
2009 My Life Would Suck Without You Kelly Clarkson
59%
2006 Smile Lily Allen
59%
2009 The Fear Lily Allen
59%
2009 Sexy Chick David Guetta featuring Akon
58%
2009 When Love Takes Over David Guetta featuring Kelly Rowland
58%
2009 Fight for This Love Cheryl Cole
57%
2005 Ghetto Gospel 2Pac featuring Elton John
55%
2008 Hallelujah Alexandra Burke
55%
2004 Wonderful Ja Rule featuring R. Kelly and Ashanti
55%
2005 Lonely Akon
54%
2005 Axel F Crazy Frog
54%
2001 Gotta Get Thru This Daniel Bedingfield
54%
2002 If You're Not the One Daniel Bedingfield
54%
2003 Never Gonna Leave Your Side Daniel Bedingfield
54%
2001 Love Don't Cost a Thing Jennifer Lopez
54%
2005 Get Right Jennifer Lopez
54%
2001 Too Close Blue
53%
2001 If You Come Back Blue
53%
2002 Hero Enrique Iglesias
53%
2004 These Words Natasha Bedingfield
53%
2003 All the Things She Said t.A.T.u
53%
2001 Let's Dance Five
51%
2003 Ignition (Remix) R. Kelly
51%
2005 Dakota Stereophonics
51%
2009 Killing in the Name Rage Against the Machine
50%
2009 Beat Again JLS
49%
2009 Everybody in Love JLS
49%
2000 Never Be the Same Again Melanie C feauturing Lisa 'Left-Eye' Lopes
49%
2000 Groovejet (If This Ain't Love) Spiller featuring Sophie Ellis-Bextor
49%
2003 Bring Me to Life Evanescence
48%
2006 Crazy Gnarls Barkley
48%
2000 I Turn to You Melanie C
48%
2006 So Sick Ne-Yo
48%
2008 Closer Ne-Yo
48%
2009 Bonkers Armand Van Helden vs Dizzee Rascal
47%
2009 I'm Not Alone Calvin Harris
47%
2005 DARE Gorillaz
47%
2000 Can't Fight the Moonlight LeAnn Rimes
47%
2007 When You Believe Leon Jackson
47%
2006 Welcome to the Black Parade My Chemical Romance
47%
2000 Holler Spice Girls
47%
2004 Do They Know It's Christmas Band Aid 20
46%
2001 Pure and Simple Hear'Say
46%
2001 The Way to Your Love Hear'Say
46%
2008 That's Not My Name The Ting Tings
46%
2009 Right Round Flo Rida featuring Kesha
45%
2004 Dry Your Eyes The Streets
45%
2002 Kiss Kiss Holly Valance
43%
2002 The Ketchup Song Las Ketchup
43%
2000 Stomp Steps
43%
2002 My Sweet Lord George Harrison
42%
2009 Evacuate the Dancefloor Cascada
41%
2009 Bulletproof La Roux
40%
2009 The Official BBC Children in Need Medley Peter Kay's Animated All Star Band
40%
2007 Beautiful Girls Sean Kingston
40%
2005 That's My Goal Shayne Ward
40%
2001 21 Seconds So Solid Crew
40%
2001 Because I Got High Afroman
39%
2004 Call On Me Eric Prydz
39%
2003 Mad World Michael Andrews & Gary Jules
39%
2007 The Way I Are Timbaland featuring Keri Hilson & D.O.E.
39%
2000 Take On Me A1
38%
2000 Same Old Brand New You A1
38%
2002 Colourblind Darius
38%
2001 What Took You So Long Emma Bunton
38%
2000 Rise Gabrielle
38%
2006 America Razorlight
38%
2000 The Masses Against the Classes Manic Street Preachers
36%
2007 With Every Heartbeat Robyn with Kleerup
36%
2003 Breathe Blu Cantrell featuring Sean Paul
35%
2008 All Summer Long Kid Rock
34%
2002 Just a Little Liberty X
34%
2004 F*ck It (I Don't Want You Back) Eamon
33%
2008 Hero The X Factor Finalists 2008
33%
2009 You Are Not Alone The X Factor Finalists 2009
33%
2000 Don't Give Up Chicane with Bryan Adams
32%
2000 Lady (Hear Me Tonight) Modjo
32%
2006 I Wish I Was a Punk Rocker Sandi Thom
32%
2009 Islands in the Stream Vanessa Jenkins and Bryn West featuring Tom Jones and Robin Gibb
32%
2000 Don't Call Me Baby Madison Avenue
31%
2005 Goodies Ciara featuring Petey Pablo
30%
2003 Changes Kelly & Ozzy Osbourne
30%
2001 Rollin' (Air Raid Vehicle) Limp Bizkit
30%
2009 Mama Do (Uh Oh, Uh Oh) Pixie Lott
30%
2009 Boys and Girls Pixie Lott
30%
2009 Break Your Heart Taio Cruz
30%
2000 Breathless The Corrs
30%
2005 Against All Odds Steve Brookstein
27%
2002 Crossroads Blazin Squad
26%
2001 Hey Baby DJ Otzi
26%
2005 The JCB Song Nizlopi
26%
2000 It Feels So Good Sonique
26%
2002 Heaven DJ Sammy and Yanou featuring Do
25%
2004 I Don't Wanna Know Mario Winans featuring P Diddy & Enya
23%
2004 Lola's Theme Shapeshifters
23%
2008 Now You're Gone Basshunter featuring DJ Mental Theo's Bazzheadz
22%
2000 Day & Night Billie Piper
22%
2004 All This Time Michelle McManus
22%
2006 Thunder in My Heart Again Meck featuring Leo Sayer
21%
2006 No Tomorrow Orson
21%
2002 More Than A Woman Aaliyah
20%
2000 Toca's Miracle Fragma
20%
2009 Number 1 Tinchy Strider featuring N-Dubz
19%
2004 Baby Cakes 3 of a Kind
18%
2003 Stop Living the Lie David Sneddon
18%
2001 Do You Really Like It? DJ Pied Piper
18%
2004 F.U.R.B (F*ck You Right Back) Frankee
18%
2000 Bound 4 Da Reload (Casualty) Oxide & Neutrino
18%
2009 Oopsy Daisy Chipmunk featuring Dayo Olatunji
17%
2004 Cha Cha Slide DJ Casper
17%
2001 Another Chance Roger Sanchez
17%
2004 With a Little Help from My Friends Sam & Mark
17%
2004 Real to Me Bryan McFadden
15%
2003 Be Faithful Fatman Scoop
15%
2006 Put Your Hands Up For Detroit Fedde Le Grand
15%
2007 What a Wonderful World Katie Melua & Eva Cassidy
15%
2000 You See the Trouble with Me Black Legend
14%
2009 Never Leave You Tinchy Strider featuring Amelle
13%
2008 Singin' in the Rain Mint Royale
12%
2001 Touch Me Rui da Silva
12%
2003 Make Luv Room 5 featuring Oliver Cheatham
11%
2003 Loneliness Tomcraft
8%
No matching quizzes found
Score Distribution
Percent of People with Each Score
Percentile by Number Answered
Your Score History
You have not taken this quiz